LEADER 00713nam a2200205 i 4500 001 000000207725 003 CaOOAMICUS 005 20111104000000.0 008 111104s1892 it u000 u ita u 013 $a186508 040 $aSeMil$bita 100 1 $aMalamani, Vittorio.$0(OLS)http://semarc/name/11425 245 13$aLa musa popolare. 300 $a396 p. 500 $aEx libris E. Galli. 773 0 $aMalamani, Vittorio$tSettecento a Venezia.$dTorino ; Roma : Roux e C., 1891-1892.$g2$w()25720 850 $aSeMil 852 $aSeMil$W1$xVenegono$y1$m1T II 22 FA$j158184$B158184$CSeMilBibl$Z2$F169406 $8I 961 $aLascito: Galli Emilio, prof. 996 $6245$aLa musa popolare$9(OLS)http://semarc/title/300369 LEADER 01610nam a2200229 i 4500 001 000000027901 003 CaOOAMICUS 005 20230113135123.0 008 180830s1753 it u000 u lat u 040 $aSeMil$bita 100 1 $aLamet, Adrien-Augustin de Bussy : de <1621-1691>.$0(OLS)http://semarc/name/12705 245 10$aDictionarium casuum conscientiae, quos secundum moralis principia, ecclesiasticae disciplinae consuetudines, conciliorum et canonistarum auctoritatem, et regni jurisprudentiam domini quondam De Lamet et Fromageau [...], deciderunt, e Gallico idiomate, quo Parisiis prodiit, Latine redditum. In supplementum Dictionarii [...] Jo. Pontas. Tomus primus[-secundus]. 260 $aVenetiis :$bApud Antonium Bortoli,$c1753. 300 $a2 v. ;$cfol. 500 $aFregio xilogr. sui front. - Iniziali e fregi xilogr. - Testo su due colonne. 700 1 $aFromageau, Germain,$d<1640-1705>.$0(OLS)http://semarc/name/12704 700 1 $aBortoli, Antonio,$c.$0(OLS)http://semarc/name/4614 774 0 $tA-I.$g1$w()50457 774 0 $tL-V.$g2$w()218041 996 $6245$aDictionarium casuum conscientiae, quos secundum moralis principia, ecclesiasticae disciplinae consuetudines, conciliorum et canonistarum auctoritatem, et regni jurisprudentiam domini quondam De Lamet et Fromageau [...], deciderunt, e Gallico idiomate, quo Parisiis prodiit, Latine redditum. In supplementum Dictionarii [...] Jo. Pontas. Tomus primus[-secundus]$9(OLS)http://semarc/title/37818 996 $6260$aVenetiis :$bApud Antonium Bortoli$9(OLS)http://semarc/publisher/34960